Zákon o účtovníctve: (Úplné znenie) : Účinnosť od 1. januára 2000

Gespeichert in:
Bibliographische Detailangaben
Format: Buch
Sprache:Slowakisch
Veröffentlicht: Bratislava : Elita, 2000
Ausgabe:1. vyd.
Tags: Tag hinzufügen
Keine Tags, Fügen Sie das erste Tag hinzu!

MARC

LEADER 00000nam a22000003a 4500
001 stu53868
005 20150408162112.6
008 000607s2000----xo------------------slo-d
020 |a 8080440662 
040 |a STU  |b slo 
041 0 |a slo 
044 |a xo 
080 |a 657(094.5)  |7 stu_us_auth*stu11463 
245 |a Zákon o účtovníctve: (Úplné znenie) :  |b Účinnosť od 1. januára 2000 
250 |a 1. vyd. 
260 |a Bratislava :  |b Elita,  |c 2000 
300 |a 27 s 
996 |b 284J002505  |c J*96940  |l JJSK  |s A  |a 24  |w stu53868_0001